Quick Pick: Television 'C' Shows Quiz Stats

 Plays Quiz Updated Jul 9, 2018

Challenge
Share
Tweet
Embed
Score 0/10 Timer 01:00
6 Plays Today
% Correct
Charmed
95%
Cold Case
94.3%
Cake Boss
93.5%
Cash Cab
90.4%
CHiPS
89.4%
Crossing Jordan
88.4%
Card Sharks
87.9%
Coach
85.6%
Clarissa Explains It All
82.4%
China Beach
69.3%

Today's Daily Dose

You're not logged in!

Compare scores with friends on all Sporcle quizzes.
Join for Free
OR
Log In

You Might Also Like...

Show Comments

Extras

Top Quizzes Today


Score Distribution

Your Account Isn't Verified!

In order to create a playlist on Sporcle, you need to verify the email address you used during registration. Go to your Sporcle Settings to finish the process.

Report this User

Report this user for behavior that violates our Community Guidelines.

Details: